Dallas Cowboys - All Time Team - Statistics

General Stats
  • This quiz has been taken 881 times
  • The average score is 8 of 25
Answer Stats
Hint Answer % Correct
RB Emmitt Smith
97%
WR Michael Irvin
89%
QB Roger Staubach
84%
TE Jason Witten
78%
LG Larry Allen
55%
OLB DeMarcus Ware
51%
WR Drew Pearson
45%
DT Randy White
35%
DT Bob Lilly
32%
K Dan Bailey
30%
S Darren Woodson
24%
RT Erik Williams
23%
CB Mel Renfro
23%
RG Nate Newton
22%
KR Bob Hayes
17%
S Cliff Harris
16%
CB Everson Walls
16%
OLB Chuck Howley
15%
C Mark Stepnoski
14%
LT Rayfield Wright
13%
DE Ed "Too Tall" Jones
11%
MLB Lee Roy Jordan
11%
FB Walt Garrison
8%
P Mat McBriar
7%
DE George Andrie
4%
No matching quizzes found
Score Distribution
Percent of People with Each Score
Percentile by Number Answered
Your Score History
You have not taken this quiz